00329nam a2200133Ia 4500003000400000008004100004040001600045082001500061100001700076245003000093260005000123300001000173650001200183GCL140319s9999 xx 000 0 eng d aGCL / cGCL04a949.8bA R1 aAPERCU, BREF10aROUMANIA / cAPERCU, BREF a[S.N] : bEDOARDO SONZOGNO, EDITORE ، c1978 a129 P04aROMANIA